Voyage au centre de la terre / (Record no. 167257)

MARC details
000 -LEADER
campo de control de longitud fija 00768nam a2200205 i 4500
001 - NÚMERO DE CONTROL
campo de control 167257
003 - IDENTIFICADOR DE NÚMERO DE CONTROL
campo de control ES-MaACL
005 - FECHA Y HORA DE LA ÚLTIMA TRANSACCIÓN
campo de control 20250818063106.0
008 - DATOS DE LONGITUD FIJA--INFORMACIÓN GENERAL
campo de control de longitud fija 050922s1862 fr | |||||||| ||fre d
040 ## - FUENTE DE CATALOGACIÓN
Centro catalogador/agencia de origen CAM
Lengua de catalogación spa
Centro/agencia transcriptor CAM
100 1# - ENTRADA PRINCIPAL--NOMBRE DE PERSONA
Nombre de persona Verne, Jules,
Fechas asociadas al nombre 1828-1905
9 (RLIN) 188654
245 10 - MENCIÓN DEL TÍTULO
Título Voyage au centre de la terre /
Mención de responsabilidad, etc. par Jules Verne.
260 ## - PUBLICACIÓN, DISTRIBUCIÓN, ETC.
Lugar de publicación, distribución, etc. Paris :
Nombre del editor, distribuidor, etc. J. Hetzel,
Fecha de publicación, distribución, etc. [s.a.] (
Fabricante Imprimerie L. Toinon et C.)
300 ## - DESCRIPCIÓN FÍSICA
Extensión 335 p. ;
Dimensiones 19 cm.
490 1# - MENCIÓN DE SERIE
Mención de serie Bibliothèque d'éducation et de Récréation
596 ## - NOTA AL PIE DE IMPRENTA
NOTA AL PIE DE IMPRENTA Hetzel y Toinon ejercen juntos ca. 1862, según consta en CCPB.
830 00 - PUNTO DE ACCESO ADICIONAL DE SERIE-TÍTULO UNIFORME
Título uniforme Bibliothèque d'éducation et de récréation
9 (RLIN) 188119
852 ## - LOCALIZACIÓN
Ubicación ES-MaACL
Número de control de estantería F-9089
Nota libre -- Enc. hol., conservando la cub. original
Holdings
Estatus retirado Estado de pérdida Estado de daño No para préstamo Biblioteca de origen Biblioteca actual Ubicación en estantería Fecha de adquisición Fuente de adquisición Total de préstamos Signatura topográfica completa Código de barras Visto por última vez Precio de reemplazo Tipo de ítem Koha
        Biblioteca del Ateneo de Madrid Biblioteca del Ateneo de Madrid Sala Pecera Planta 2 17/01/2008     F-9089 1175456 23/02/2023 23/02/2023 Libro impreso